000 00677nam a2200253 i 4500
001 C2-0292725
003 PPAK
005 20180728024716.0
008 090108s2005 nyu |||| ||||| | eng d
020 _a9780440420538 ; 0440420539
040 _aPPAK
_beng
_cPPAK
_erda
082 0 4 _a823
_223
090 0 0 _a823
_bSCH
_dLCK
100 1 _aSchirripa, Steven R.,
_eauthor
245 1 0 _aNicky Deuce welcom to the family
264 1 _aNew York :
_bYearling Book ,
_c2005
300 _a167 pages ;
_c19 cm
336 _2rdacontent
_atext
337 _2rdamedia
_aunmediated
338 _2rdacarrier
_avolume
650 1 0 _aEnglish fiction
700 _eauthor
942 _ddc
_cB
999 _c97564
_d97564